livestock feeding strategies for dry regions (Record no. 480224)

000 -LEADER
fixed length control field 00293nam a22001217a 4500
003 - CONTROL NUMBER IDENTIFIER
control field NUST
008 - FIXED-LENGTH DATA ELEMENTS--GENERAL INFORMATION
fixed length control field 161024t xxu||||| |||| 00| 0 eng d
020 ## - INTERNATIONAL STANDARD BOOK NUMBER
International Standard Book Number 81-8189-127-9
038 ## - RECORD CONTENT LICENSOR
Staff Name Mian Adnan
082 ## - DEWEY DECIMAL CLASSIFICATION NUMBER
Classification number 636.08
245 ## - TITLE STATEMENT
Title livestock feeding strategies for dry regions
942 ## - ADDED ENTRY ELEMENTS (KOHA)
Source of classification or shelving scheme
Koha item type Book
Holdings
Withdrawn status Lost status Source of classification or shelving scheme Damaged status Not for loan Permanent Location Current Location Date acquired Total Checkouts Full call number Barcode Date last seen Price effective from Koha item type
          Atta-ur-Rahman School of Applied Biosciences (ASAB) Atta-ur-Rahman School of Applied Biosciences (ASAB) 10/24/2016   636.08 KUN ASAB1899 10/24/2016 10/24/2016 Book
© 2023 Central Library, National University of Sciences and Technology. All Rights Reserved.